[Event "Madrid San Viator op 22nd"]
[Site "Madrid"]
[Date "2014.06.01"]
[Round "9"]
[White "Gutierrez Lopez, Carlos"]
[Black "Garcia Ruiz Fuentes, Angel Marcos"]
[Result "1/2-1/2"]
[WhiteElo "2115"]
[BlackElo "2025"]
[PlyCount "114"]
[EventDate "2014.03.23"]
[EventType "swiss"]
[EventRounds "9"]
[EventCountry "ESP"]
[SourceTitle "EXT 2015"]
[Source "ChessBase"]
[SourceDate "2014.11.20"]
[SourceVersion "1"]
[SourceVersionDate "2014.11.20"]
[SourceQuality "1"]

1. e4 c5 2. Nf3 d6 3. d4 cxd4 4. Qxd4 Nc6 5. Bb5 Bd7 6. Bxc6 Bxc6 7. Nc3 e5 8. Qd3 h6 9. 0-0 Nf6 10. Nd2 d5 11. exd5 Nxd5 12. Nxd5 Qxd5 13. Qxd5 Bxd5 14. Re1 Bd6 15. c4 Bc6 16. c5 Bc7 17. f4 0-0 18. fxe5 Rad8 19. b4 Rfe8 20. Nc4 Rd4 21. Nd6 Bxd6 22. cxd6 Rxd6 23. Kf2 Rd4 24. a3 Rc4 25. Ra2 Be4 26. Bf4 Bb1 27. Rxb1 Rxf4+ 28. Kg3 Re4 29. Rc1 R8xe5 30. Rc7 Re7 31. Rac2 Re3+ 32. Kf2 Re2+ 33. Kf1 Kh7 34. Rxe7 Rxe7 35. Kf2 Kg6 36. Rc5 Kf6 37. h4 g6 38. g4 b6 39. Rc3 a5 40. bxa5 bxa5 41. Kf3 Rb7 42. Kf4 Rb5 43. Rc6+ Ke7 44. Rc7+ Ke6 45. Ra7 Rc5 46. Ra6+ Kd5 47. h5 Rc4+ 48. Kf3 Rc3+ 49. Ke2 Rxa3 50. hxg6 fxg6 51. Rxg6 Ke4 52. Rxh6 Ra2+ 53. Kd1 Kf4 54. Rg6 a4 55. Kc1 a3 56. Kb1 Rg2 57. Ra6 Rxg4 1/2-1/2

[Event "Madrid San Viator op 22nd"]
[Site "Madrid"]
[Date "2014.04.06"]
[Round "3"]
[White "Elissalt Cardenas, Hector"]
[Black "Gutierrez Lopez, Carlos"]
[Result "1-0"]
[WhiteElo "2369"]
[BlackElo "2115"]
[PlyCount "127"]
[EventDate "2014.03.23"]
[EventType "swiss"]
[EventRounds "9"]
[EventCountry "ESP"]
[SourceTitle "EXT 2015"]
[Source "ChessBase"]
[SourceDate "2014.11.20"]
[SourceVersion "1"]
[SourceVersionDate "2014.11.20"]
[SourceQuality "1"]

1. c4 c5 2. Nf3 Nf6 3. g3 b6 4. Bg2 Bb7 5. 0-0 e6 6. Nc3 Be7 7. d4 cxd4 8. Qxd4 d6 9. b3 Nbd7 10. Bb2 a6 11. Ng5 Bxg2 12. Kxg2 Qc7 13. Rfd1 Rd8 14. Rac1 h6 15. Nge4 Nc5 16. f3 0-0 17. Nf2 Rfe8 18. Ng4 Qb7 19. b4 Ncd7 20. Ne4 d5 21. cxd5 exd5 22. Nexf6+ Nxf6 23. Rc2 h5 24. Ne3 Bf8 25. Nf5 Qd7 26. Qf4 Qe6 27. Rdd2 Rc8 28. a3 Rc4 29. Qg5 Rec8 30. Bxf6 Qxf6 31. Qxf6 gxf6 32. Ra2 Rd8 33. Ne3 Rc6 34. Nxd5 Re8 35. Rac2 Rd6 36. Nc7 Rc8 37. Nxa6 Ra8 38. b5 Rxd2 39. Rxd2 Bxa3 40. Rd5 h4 41. gxh4 Rc8 42. Rd3 Bf8 43. Kf2 Rc4 44. Kg3 Rc2 45. e4 f5 46. exf5 Bc5 47. f6 Bg1 48. h3 Kh7 49. h5 Kh6 50. h4 Bf2+ 51. Kg4 Be1 52. f4 Rh2 53. Rd7 Rxh4+ 54. Kf3 Rxh5 55. Nc7 Kg6 56. Nd5 Bh4 57. Rd6 Be1 58. Ne7+ Kh7 59. Rxb6 Ba5 60. Rb8 Bc3 61. Rf8 Rxb5 62. Rxf7+ Kh6 63. Kg4 Bb2 64. Ng8+ 1-0

[Event "Madrid-ch Previa-B"]
[Site "Madrid"]
[Date "2014.03.08"]
[Round "3"]
[White "Gutierrez Lopez, Carlos"]
[Black "Martin Hernandez, Vicente"]
[Result "1-0"]
[WhiteElo "2115"]
[BlackElo "1991"]
[PlyCount "63"]
[EventDate "2014.03.06"]
[EventType "swiss"]
[EventRounds "9"]
[EventCountry "ESP"]
[SourceTitle "CBM 159 Extra"]
[Source "ChessBase"]
[SourceDate "2014.04.24"]
[SourceVersion "1"]
[SourceVersionDate "2014.04.24"]
[SourceQuality "1"]

1. e4 c5 2. Nf3 d6 3. d4 cxd4 4. Nxd4 Nf6 5. Nc3 a6 6. Be3 e5 7. Nb3 Be6 8. f3 Be7 9. Qd2 Nc6 10. 0-0-0 Qc7 11. g4 Rc8 12. Kb1 b5 13. g5 Nh5 14. Nd5 Bxd5 15. exd5 Nb8 16. Bh3 Nd7 17. Na5 0-0 18. Nc6 Bd8 19. Bg4 g6 20. Bxh5 gxh5 21. f4 Nb6 22. Bxb6 Qxb6 23. fxe5 dxe5 24. Nxe5 Qd6 25. Rhe1 Bc7 26. Nc6 Rce8 27. h4 Rxe1 28. Rxe1 Qf4 29. Ne7+ Kh8 30. Qc3+ f6 31. gxf6 Rxf6 32. Rg1 1-0

[Event "Madrid-ch Previa-B"]
[Site "Madrid"]
[Date "2014.03.07"]
[Round "2"]
[White "Vukotic Jovsic, Dragan"]
[Black "Gutierrez Lopez, Carlos"]
[Result "1/2-1/2"]
[WhiteElo "2003"]
[BlackElo "2115"]
[PlyCount "83"]
[EventDate "2014.03.06"]
[EventType "swiss"]
[EventRounds "9"]
[EventCountry "ESP"]
[SourceTitle "CBM 159 Extra"]
[Source "ChessBase"]
[SourceDate "2014.04.24"]
[SourceVersion "1"]
[SourceVersionDate "2014.04.24"]
[SourceQuality "1"]

1. d4 Nf6 2. Bf4 c5 3. e3 e6 4. c3 b6 5. Nf3 Be7 6. h3 Bb7 7. Nbd2 0-0 8. Bd3 cxd4 9. exd4 d6 10. 0-0 Nbd7 11. Re1 Qc7 12. Qe2 Rfe8 13. a4 a6 14. Ne4 Nxe4 15. Bxe4 Bxe4 16. Qxe4 Nf6 17. Qd3 Nd5 18. Bg5 Bf8 19. Re4 g6 20. Qd2 b5 21. Nh2 Bg7 22. Rh4 Qb7 23. Ng4 f5 24. Nh6+ Kh8 25. axb5 axb5 26. Rxa8 Rxa8 27. Qe2 e5 28. dxe5 dxe5 29. c4 bxc4 30. Rxc4 e4 31. Qc2 Be5 32. g3 Kg7 33. Rc5 Ra1+ 34. Kh2 e3 35. f3 Ra8 36. Nxf5+ gxf5 37. Qxf5 Bd4 38. Rc2 Ra2 39. Qd3 Be5 40. Qf5 Bd4 41. Qd3 Be5 42. Qf5 1/2-1/2

[Event "Malaga-ch"]
[Site "Malaga"]
[Date "2012.01.28"]
[Round "6"]
[White "Gutierrez Lopez, Carlos"]
[Black "Ladron de Guevara Pinto, Paolo"]
[Result "1/2-1/2"]
[WhiteElo "2128"]
[BlackElo "2299"]
[PlyCount "55"]
[EventDate "2012.01.14"]
[EventType "swiss"]
[EventRounds "9"]
[EventCountry "ESP"]
[SourceTitle "CBM 146 Extra"]
[Source "ChessBase"]
[SourceDate "2012.02.29"]
[SourceVersion "1"]
[SourceVersionDate "2012.02.29"]
[SourceQuality "1"]

1. e4 e6 2. d4 d5 3. Nc3 Bb4 4. e5 Ne7 5. Qg4 c5 6. dxc5 Nbc6 7. Bd2 Bxc5 8. Nf3 Ng6 9. Bd3 a6 10. 0-0 Qc7 11. Rfe1 Bd7 12. a3 Ba7 13. Qg3 0-0 14. Re2 d4 15. Ne4 Ncxe5 16. Nxe5 Qxe5 17. f4 Qc7 18. Ng5 Rfe8 19. Qh3 h6 20. Nxf7 Bb5 21. Ne5 Bxd3 22. cxd3 Nxe5 23. fxe5 Kh7 24. Rc1 Qd8 25. Qf3 Rf8 26. Qe4+ g6 27. Bb4 Rf7 28. Rec2 1/2-1/2

[Event "Malaga-ch"]
[Site "Malaga"]
[Date "2012.01.22"]
[Round "5"]
[White "Pedraza Fernandez, Miguel Angel"]
[Black "Gutierrez Lopez, Carlos"]
[Result "0-1"]
[WhiteElo "1865"]
[BlackElo "2128"]
[PlyCount "60"]
[EventDate "2012.01.14"]
[EventType "swiss"]
[EventRounds "9"]
[EventCountry "ESP"]
[SourceTitle "CBM 146 Extra"]
[Source "ChessBase"]
[SourceDate "2012.02.29"]
[SourceVersion "1"]
[SourceVersionDate "2012.02.29"]
[SourceQuality "1"]

1. e4 c5 2. Nf3 Nc6 3. c3 Nf6 4. Qc2 d6 5. d4 cxd4 6. Nxd4 g6 7. Bd3 Bg7 8. Bg5 Qa5 9. Qd2 0-0 10. 0-0 Ne5 11. f4 Nxd3 12. Qxd3 Qb6 13. Qb5 Qc7 14. Nd2 a6 15. Qb3 b5 16. Rae1 Bb7 17. e5 dxe5 18. fxe5 Bd5 19. Qc2 Ng4 20. Bf4 Nxe5 21. Kh1 f6 22. N4f3 Qb7 23. Bxe5 fxe5 24. Ne4 Rf4 25. Nfd2 Raf8 26. Kg1 Qb6+ 27. Kh1 Qc6 28. Kg1 Bh6 29. g3 Qb6+ 30. Kh1 Rf2 0-1

[Event "CP-2011-P-00058"]
[Site "LSS email"]
[Date "2011.09.30"]
[Round "?"]
[White "Gutierrez Lopez, Carlos"]
[Black "Hughes, Chris"]
[Result "1-0"]
[WhiteElo "1767"]
[BlackElo "826"]
[PlyCount "43"]
[EventDate "2011.10.01"]
[EventType "tourn (corr)"]
[EventRounds "6"]
[EventCountry "GER"]
[SourceTitle "Telechess CBM 157"]
[Source "ChessBase"]
[SourceDate "2013.11.12"]
[SourceVersion "1"]
[SourceVersionDate "2013.11.12"]
[SourceQuality "1"]

1. e4 e6 2. d4 d5 3. e5 c5 4. c3 Nc6 5. Nf3 Bd7 6. Be2 f6 7. 0-0 fxe5 8. Nxe5 Nxe5 9. dxe5 Qc7 10. c4 d4 11. Bh5+ g6 12. Bf3 Bg7 13. Bf4 Bxe5 14. Bxe5 Qxe5 15. Re1 Qc7 16. b4 Rb8 17. Bd5 Ne7 18. Qf3 Nxd5 19. Qxd5 Qc6 20. Qe5 0-0 21. bxc5 Rf5 22. Qxb8+ 1-0

[Event "CP-2011-P-00058"]
[Site "LSS email"]
[Date "2011.09.30"]
[Round "?"]
[White "Gutierrez Lopez, Carlos"]
[Black "Lehnberger, Karl"]
[Result "0-1"]
[WhiteElo "1767"]
[BlackElo "2050"]
[PlyCount "48"]
[EventDate "2011.10.01"]
[EventType "tourn (corr)"]
[EventRounds "6"]
[EventCountry "GER"]
[SourceTitle "Telechess CBM 157"]
[Source "ChessBase"]
[SourceDate "2013.11.12"]
[SourceVersion "1"]
[SourceVersionDate "2013.11.12"]
[SourceQuality "1"]

1. e4 c5 2. c3 Nf6 3. e5 Nd5 4. Nf3 Nc6 5. d4 cxd4 6. cxd4 d6 7. Bc4 e6 8. 0-0 Be7 9. Re1 0-0 10. exd6 Qxd6 11. Nc3 Nb6 12. Bd3 Rd8 13. Be3 Nb4 14. Bb1 Bd7 15. a3 N4d5 16. Qd3 g6 17. Ba2 Nxe3 18. fxe3 Bc6 19. Ne4 Qc7 20. Rac1 Nd7 21. Nfg5 Qb6 22. Qf1 Rf8 23. Rc2 h6 24. Nxf7 Bxe4 0-1

[Event "CP-2011-P-00058"]
[Site "LSS email"]
[Date "2011.09.30"]
[Round "?"]
[White "Stevens, Michael"]
[Black "Gutierrez Lopez, Carlos"]
[Result "1/2-1/2"]
[WhiteElo "1456"]
[BlackElo "1767"]
[PlyCount "33"]
[EventDate "2011.10.01"]
[EventType "tourn (corr)"]
[EventRounds "6"]
[EventCountry "GER"]
[SourceTitle "Corr 2015"]
[Source "ChessBase"]
[SourceDate "2015.07.17"]
[SourceVersion "1"]
[SourceVersionDate "2015.07.17"]
[SourceQuality "1"]

1. d4 Nf6 2. c4 c5 3. d5 e6 4. Nc3 exd5 5. cxd5 d6 6. Nf3 g6 7. Bg5 Bg7 8. e3 0-0 9. Nd2 h6 10. Bh4 b6 11. Bc4 Re8 12. 0-0 a6 13. a4 Qc7 14. Bd3 Nbd7 15. Nc4 Ne5 16. Bxf6 Bxf6 17. Ne4 1/2-1/2

[Event "OP-2011-0-01764"]
[Site "LSS email"]
[Date "2011.09.07"]
[Round "?"]
[White "Horse, Madera"]
[Black "Gutierrez Lopez, Carlos"]
[Result "1-0"]
[WhiteElo "1345"]
[BlackElo "1771"]
[PlyCount "45"]
[EventDate "2011.09.04"]
[EventType "tourn (corr)"]
[EventRounds "4"]
[EventCountry "GER"]
[SourceTitle "Telechess CBM 149"]
[Source "ChessBase"]
[SourceDate "2012.07.17"]
[SourceVersion "1"]
[SourceVersionDate "2012.07.17"]
[SourceQuality "1"]

1. b3 d5 2. Bb2 Nf6 3. e3 c6 4. f4 Bg4 5. Nf3 e6 6. Bd3 Bd6 7. 0-0 Nbd7 8. Be2 Bxf3 9. Bxf3 0-0 10. c4 dxc4 11. bxc4 e5 12. c5 Bc7 13. fxe5 Nxe5 14. Bxe5 Bxe5 15. d4 Bc7 16. Nd2 Re8 17. Qb3 Qe7 18. Nc4 Ne4 19. Bxe4 Qxe4 20. Rxf7 Rac8 21. Rxc7 Rxc7 22. Nd6+ Qe6 23. Nxe8 1-0

[Event "OP-2011-0-01763"]
[Site "LSS email"]
[Date "2011.09.06"]
[Round "?"]
[White "Tylecek, Drahomir"]
[Black "Gutierrez Lopez, Carlos"]
[Result "1-0"]
[WhiteElo "2080"]
[BlackElo "1771"]
[PlyCount "49"]
[EventDate "2011.09.04"]
[EventType "tourn (corr)"]
[EventRounds "4"]
[EventCountry "GER"]
[SourceTitle "Telechess CBM 149"]
[Source "ChessBase"]
[SourceDate "2012.07.17"]
[SourceVersion "1"]
[SourceVersionDate "2012.07.17"]
[SourceQuality "1"]

1. e4 c5 2. Nf3 d6 3. d4 Nf6 4. Nc3 cxd4 5. Nxd4 g6 6. Be3 Nc6 7. f3 Bg7 8. Qd2 Bd7 9. Bc4 Rc8 10. Bb3 0-0 11. 0-0-0 Nxd4 12. Bxd4 b5 13. Nd5 Nxd5 14. Bxg7 Kxg7 15. exd5 a5 16. a3 Rc5 17. Kb1 Qc7 18. g4 Rc8 19. c3 Qb7 20. h4 b4 21. cxb4 axb4 22. axb4 Rb5 23. h5 Rh8 24. Ba4 Rxb4 25. h6+ 1-0

[Event "Campillos op 10th"]
[Site "Campillos"]
[Date "2007.03.03"]
[Round "9.17"]
[White "Bolle, Leendert"]
[Black "Gutierrez Lopez, Carlos"]
[Result "0-1"]
[WhiteElo "2011"]
[BlackElo "2126"]
[PlyCount "80"]
[EventDate "2007.02.24"]
[EventType "swiss"]
[EventRounds "9"]
[EventCountry "ESP"]
[SourceTitle "CBM 117 Extra"]
[Source "ChessBase"]
[SourceDate "2007.05.09"]
[SourceVersion "1"]
[SourceVersionDate "2007.05.09"]
[SourceQuality "1"]

1. e4 c5 2. Nf3 Nc6 3. d4 cxd4 4. Nxd4 g6 5. Nc3 Bg7 6. Be3 Nf6 7. Nxc6 bxc6 8. e5 Ng8 9. Bd4 f6 10. e6 d5 11. Bc5 f5 12. Qd2 Qa5 13. b4 Qc7 14. Bd4 Nf6 15. f3 Bxe6 16. Ba6 0-0 17. 0-0 Bf7 18. Rfe1 Rfe8 19. Rad1 e5 20. Bf2 Rad8 21. Na4 f4 22. Nc5 g5 23. h3 e4 24. Bd4 Bg6 25. Qc3 Nh5 26. fxe4 Bxe4 27. Nxe4 dxe4 28. Qc4+ Kh8 29. Bxg7+ Nxg7 30. Rxd8 Rxd8 31. Rxe4 f3 32. Rg4 Qb6+ 33. Kh2 Qb8+ 34. Kg1 Rd1+ 35. Kf2 fxg2 36. Kxg2 Rd2+ 37. Kf3 Qf8+ 38. Ke4 Qf5+ 39. Ke3 Qf2+ 40. Ke4 Qe1+ 0-1